[Event "Porto Sant Elpidio op 20th"]
[Site "Porto Sant Elpidio"]
[Date "2017.11.26"]
[Round "5.5"]
[White "Rinaudo, Andrea"]
[Black "Serpilli, Francesco"]
[Result "1-0"]
[WhiteElo "1989"]
[BlackElo "1580"]
[PlyCount "97"]
[EventDate "2017.11.24"]
[EventType "swiss"]
[EventRounds "5"]
[EventCountry "ITA"]
[SourceTitle "EXT 2024"]
[Source "ChessBase"]
[SourceDate "2023.10.10"]
[SourceVersion "1"]
[SourceVersionDate "2023.10.10"]
[SourceQuality "1"]

1. e4 c6 2. d4 d5 3. f3 e6 4. Nc3 Bb4 5. Qd3 Nf6 6. Nge2 b6 7. Bg5 h6 8. Bf4 Ba6 9. Qe3 c5 10. 0-0-0 0-0 11. e5 Nfd7 12. h4 Nc6 13. Rh3 cxd4 14. Nxd4 Nxd4 15. Qxd4 Bc5 16. Qd2 Bxf1 17. Rxf1 Kh7 18. Qd3+ Kh8 19. g4 Re8 20. g5 g6 21. h5 Rg8 22. hxg6 Rxg6 23. Rfh1 Bf8 24. gxh6 Rc8 25. Rh5 Rc4 26. Qd2 Be7 27. h7 Rxf4 28. Qxf4 Bg5 29. Rxg5 Qxg5 30. Qxg5 Rxg5 31. f4 Rg7 32. Nb5 a6 33. Nd6 f6 34. exf6 Nxf6 35. Rh6 Nd7 36. Rxe6 Kxh7 37. Nf5 Rf7 38. Re7 Kg6 39. Rxf7 Kxf7 40. Kd2 Kf6 41. Nd4 Nc5 42. a3 Ne4+ 43. Ke3 Nd6 44. b3 Ne4 45. c4 Nc3 46. Kd3 Nb1 47. a4 dxc4+ 48. Kxc4 Nd2+ 49. Kd5 1-0

[Event "Porto Sant Elpidio op 18th"]
[Site "Porto Sant Elpidio"]
[Date "2015.11.28"]
[Round "4"]
[White "Pocognoli, Gianfranco"]
[Black "Serpilli, Francesco"]
[Result "1/2-1/2"]
[WhiteElo "1752"]
[BlackElo "1564"]
[PlyCount "115"]
[EventDate "2015.11.21"]
[EventType "swiss"]
[EventRounds "6"]
[EventCountry "ITA"]
[SourceTitle "EXT 2018"]
[Source "ChessBase"]
[SourceDate "2017.10.13"]
[SourceVersion "1"]
[SourceVersionDate "2017.10.13"]
[SourceQuality "1"]

1. d4 d5 2. e3 Nf6 3. f4 Bf5 4. Bd3 Bxd3 5. Qxd3 e6 6. Qb5+ Nfd7 7. Qxb7 Nb6 8. Nf3 Be7 9. Ne5 Qd6 10. Bd2 0-0 11. Ba5 N8d7 12. Qc6 Nxe5 13. Qxd6 cxd6 14. fxe5 dxe5 15. Bxb6 axb6 16. dxe5 Ra4 17. Nd2 Rfa8 18. a3 Bc5 19. Ke2 b5 20. c3 Bb6 21. Rad1 Rc8 22. Nf3 Re4 23. Rd3 h6 24. h3 Ba7 25. g4 Bb8 26. Rd4 Rc4 27. Rhd1 Ba7 28. Rxe4 Rxe4 29. Rd3 Bb6 30. Nd4 Rxe5 31. Nxb5 h5 32. Kf3 hxg4+ 33. hxg4 Kf8 34. a4 Re4 35. b4 Rc4 36. a5 Bd8 37. a6 Rc8 38. Rd2 Ra8 39. Ra2 Bb6 40. a7 Ke7 41. Ra6 Bd8 42. Nd4 Kd7 43. b5 Kc7 44. Kf4 Kb7 45. Ke5 Bc7+ 46. Rd6 Bxd6+ 47. Kxd6 Rxa7 48. Nc6 Ra3 49. Nd8+ Kb6 50. Nxf7 Rxc3 51. Kxe6 Rxe3+ 52. Kxd5 Kxb5 53. Nd6+ Kb4 54. Nf5 Rd3+ 55. Ke6 Kc5 56. Nxg7 Rg3 57. Kf5 Rxg4 58. Kxg4 1/2-1/2